000
00247nam a2200097 4500
082
0
_a
372.19 UNI
100
1
_a
Education coordination committee UNICEF
245
1
0
_a
Workshop on curriculum and syllabus
260
_a
Lokichokio
_c
1993
942
_2
ddc
_c
BK
999
_c
64403
_d
64377